| 000 | 00444nam a2200169Ia 4500 | ||
|---|---|---|---|
| 008 | 221030s9999 xx 000 0 und d | ||
| 020 | _a0074635913 | ||
| 041 | _aEnglish | ||
| 082 |
_a105.23 _bEdm |
||
| 100 | _aJ. A. Edminister | ||
| 245 | 0 |
_aSchaum`s Outline of Theory & Problems of Electric Circuits _cby J. A. Edminister, M. Nahvi |
|
| 260 |
_bTMH _aNew Delhi _c1999 |
||
| 300 | _a217 | ||
| 650 | _aEE | ||
| 700 | _aM. Nahvi | ||
| 942 | _cBK | ||
| 999 |
_c7820 _d7820 |
||